[Event "24th ECC"]
[Site "Kallithea GRE"]
[Date "2008.10.21"]
[Round "5"]
[White "Socko, B."]
[Black "Movsesian, S."]
[Result "1/2-1/2"]
[WhiteElo "2631"]
[BlackElo "2732"]
[PlyCount "255"]
[EventDate "2008.10.17"]
[SourceDate "1999.07.01"]

1. e4 c5 2. Nf3 d6 3. d4 cxd4 4. Nxd4 Nf6 5. Nc3 e6 6. Be3 Nc6 7. f3 Be7 8. Qd2
O-O 9. O-O-O d5 10. exd5 Nxd5 11. Nxd5 Qxd5 12. c4 Qd6 13. Nxc6 Qxc6 14. Bd3 e5
15. Qc2 f5 16. Rhe1 Be6 17. Bf2 Bd6 18. Kb1 Rae8 19. g4 e4 20. fxe4 fxg4 21. e5
Bb4 22. Bxh7+ Kh8 23. Re2 Bxc4 24. Bd3 Bd5 25. Qxc6 bxc6 26. Rc1 Bf3 27. Rec2
Rxe5 28. a3 Rd8 29. Bg3 Re3 30. axb4 Rexd3 31. Rc4 Re8 32. b5 cxb5 33. Rc8 Rde3
34. Bf2 R3e7 35. Rxe8+ Rxe8 36. Bxa7 b4 37. b3 Re2 38. Bb8 Bd5 39. Rg1 Be6 40.
Bd6 Re4 41. Kc2 Bf5 42. Kc1 Kh7 43. Rf1 Kg6 44. Rf4 Re6 45. Bxb4 Re2 46. Bd6
Rc2+ 47. Kd1 Rxh2 48. Rb4 Ra2 49. Be5 Be6 50. Rb7 Kf5 51. Bxg7 g3 52. Rb5+ Kg6
53. Bd4 g2 54. Rb7 Bg4+ 55. Kc1 Re2 56. Ba7 Ra2 57. Bd4 Kf5 58. Re7 Kf4 59. b4
Ra4 60. Kd2 Rxb4 61. Be3+ Kg3 62. Rf7 Rb2+ 63. Kc3 Re2 64. Bd4 Be6 65. Re7 Kf3
66. Bb6 Re1 67. Rg7 Rc1+ 68. Kd2 Rc6 69. Bg1 Bf5 70. Rf7 Rd6+ 71. Kc3 Rd1 72.
Ba7 Kf4 73. Rg7 Rc1+ 74. Kb4 Bg4 75. Rf7+ Ke4 76. Rg7 g1=Q 77. Bxg1 Rxg1 78.
Kc5 Ke5 79. Rg5+ Kf4 80. Rg7 Rc1+ 81. Kd4 Be6 82. Re7 Rd1+ 83. Kc3 Rd6 84. Rh7
Ke3 85. Rh4 Rb6 86. Rh6 Rc6+ 87. Kb4 Kd4 88. Rh4+ Kd5 89. Rh5+ Kd6 90. Rh4 Rb6+
91. Kc3 Rb3+ 92. Kd2 Bd5 93. Rh8 Ke5 94. Re8+ Kd4 95. Rd8 Rb2+ 96. Kc1 Rh2 97.
Kd1 Ke4 98. Kc1 Rg2 99. Rd7 Kd4 100. Kd1 Ke4 101. Kc1 Bc4 102. Rd2 Be2 103. Kb2
Ke3 104. Kc3 Rg8 105. Rd7 Rc8+ 106. Kb4 Bf3 107. Rd6 Ke4 108. Rd7 Ke5 109. Rh7
Kd4 110. Rh4+ Be4 111. Rg4 Rb8+ 112. Ka4 Kd5 113. Ka3 Bd3 114. Rb4 Ra8+ 115.
Kb3 Ra1 116. Rh4 Be4 117. Kb4 Kd4 118. Rg4 Rh1 119. Ka4 Kd5 120. Kb3 Bf5 121.
Rg5 Rf1 122. Kc3 Kc5 123. Rg3 Rf2 124. Re3 Rc2+ 125. Kb3 Kd4 126. Rf3 Rc5 127.
Kb4 Be4 128. Rf4 1/2-1/2

[Event "24th ECC"]
[Site "Kallithea GRE"]
[Date "2008.10.23"]
[Round "7"]
[White "Svidler, P."]
[Black "Movsesian, S."]
[Result "1/2-1/2"]
[WhiteElo "2727"]
[BlackElo "2732"]
[PlyCount "90"]
[EventDate "2008.10.17"]
[SourceDate "1999.07.01"]

1. e4 c5 2. Nf3 d6 3. d4 cxd4 4. Nxd4 Nf6 5. Nc3 e6 6. g4 h6 7. Bg2 a6 8. h3
Qc7 9. Qe2 Nc6 10. Be3 Nxd4 11. Bxd4 e5 12. Be3 Be6 13. O-O-O Rc8 14. Kb1 Be7
15. f4 exf4 16. Bxf4 O-O 17. e5 dxe5 18. Qxe5 Qb6 19. Be3 Qc7 20. Qxc7 Rxc7 21.
Ne2 Bc8 22. Ng3 Bc5 23. Bf4 Re7 24. a3 Rfe8 25. Rhf1 Re6 26. Bd2 Bd6 27. Nf5
Be5 28. Bb4 Bd7 29. c4 Ba4 30. Rd3 Bc6 31. Bxc6 bxc6 32. Re1 Kh7 33. Kc2 Bc7
34. Rxe6 Rxe6 35. Nd4 Re4 36. b3 a5 37. Bd2 c5 38. Nb5 Bf4 39. Bxa5 Re2+ 40.
Kb1 Ne4 41. a4 Rh2 42. Bc3 Rh1+ 43. Kc2 Rh2+ 44. Kb1 Rh1+ 45. Kc2 Rh2+ 1/2-1/2

[Event "24th ECC"]
[Site "Kallithea GRE"]
[Date "2008.10.23"]
[Round "7"]
[White "Gashimov, V."]
[Black "Riff, JN."]
[Result "1-0"]
[WhiteElo "2703"]
[BlackElo "2512"]
[PlyCount "69"]
[EventDate "2008.10.17"]
[SourceDate "1999.07.01"]

1. e4 c5 2. Nf3 d6 3. d4 Nf6 4. Nc3 cxd4 5. Nxd4 e6 6. g4 h6 7. Rg1 Nc6 8. h4
d5 9. exd5 Nxd5 10. Nxd5 exd5 11. Be3 Be7 12. Qd2 Bxh4 13. O-O-O Bf6 14. Bb5
O-O 15. Bxc6 bxc6 16. g5 hxg5 17. Bxg5 Bxg5 18. Rxg5 Qf6 19. f4 Re8 20. Rdg1
Re4 21. Rxg7+ Kf8 22. Rg8+ Ke7 23. Re1 Rxe1+ 24. Qxe1+ Kd7 25. Nb3 a5 26. Qd2
a4 27. Nc5+ Kc7 28. a3 Qh4 29. Qe3 d4 30. Qe5+ Kb6 31. b4 axb3 32. Qxd4 Kc7 33.
Rxc8+ Rxc8 34. Qd7+ Kb6 35. Na4+ 1-0

[Event "12th Essent Open"]
[Site "Hoogeveen NED"]
[Date "2008.10.20"]
[Round "4"]
[White "Nijboer, F."]
[Black "Fier, A."]
[Result "1/2-1/2"]
[WhiteElo "2540"]
[BlackElo "2581"]
[PlyCount "48"]
[EventDate "2008.10.17"]
[SourceDate "1999.07.01"]

1. e4 c5 2. Nf3 d6 3. d4 cxd4 4. Nxd4 Nf6 5. Nc3 e6 6. Be3 a6 7. f3 Nc6 8. Qd2
Be7 9. O-O-O O-O 10. g4 Nxd4 11. Bxd4 b5 12. Kb1 Nd7 13. h4 Bb7 14. g5 Ne5 15.
Qf2 Qc7 16. a3 Nc4 17. Bxc4 Qxc4 18. Qg2 b4 19. axb4 Qxb4 20. Na2 Qc4 21. Bf6
Qc7 22. Qg3 Rad8 23. Rd3 Kh8 24. Bxe7 Qxe7 1/2-1/2

[Event "1st WMSG Blitz Ind"]
[Site "Beijing CHN"]
[Date "2008.10.04"]
[Round "5"]
[White "Aveskulov, V."]
[Black "Zhang Zhong"]
[Result "0-1"]
[WhiteElo "2544"]
[BlackElo "2649"]
[PlyCount "58"]
[EventDate "2008.10.04"]
[SourceDate "1999.07.01"]

1. e4 c5 2. Nf3 e6 3. d4 cxd4 4. Nxd4 Nf6 5. Nc3 d6 6. Be2 a6 7. O-O Nbd7 8. a4
b6 9. f4 Bb7 10. Bf3 Qc7 11. Be3 Rc8 12. Kh1 Be7 13. g4 Nc5 14. e5 Nxg4 15. Qe2
dxe5 16. fxe5 Nxe5 17. Bg2 Bxg2+ 18. Qxg2 Qb7 19. Nf3 Ng6 20. Rf2 Bf6 21. Rg1
Bxc3 22. bxc3 Ne4 23. Re2 Nxc3 24. Ree1 Nd5 25. Bc1 Rc3 26. Ng5 Qc6 27. Re2 O-O
28. Ne4 Rc4 29. h4 Nc3 0-1

[Event "1st WMSG Rapid Ind KO"]
[Site "Beijing CHN"]
[Date "2008.10.08"]
[Round "2.2"]
[White "Fier, A."]
[Black "Zhang Zhong"]
[Result "0-1"]
[WhiteElo "2581"]
[BlackElo "2649"]
[PlyCount "58"]
[EventDate "2008.10.05"]
[SourceDate "1999.07.01"]

1. e4 c5 2. Nf3 e6 3. d4 cxd4 4. Nxd4 Nf6 5. Nc3 d6 6. g4 a6 7. g5 Nfd7 8. Be3
b5 9. a3 Bb7 10. Bg2 Nb6 11. O-O N8d7 12. b3 Rc8 13. Nce2 d5 14. Ng3 Be7 15.
Qh5 O-O 16. Rad1 Qc7 17. Bc1 Rfd8 18. Bb2 Bf8 19. f4 dxe4 20. Nxe4 Nd5 21. Qh4
Ne3 22. Bf3 Nxd1 23. Rxd1 e5 24. Nf5 Qxc2 25. Rxd7 Bxe4 26. g6 hxg6 27. Bxe4
Qxe4 28. Rxd8 Rxd8 29. Qxd8 Qb1+ 0-1

[Event "1st WMSG Blitz Pair"]
[Site "Beijing CHN"]
[Date "2008.10.08"]
[Round "5"]
[White "Aveskulov, V."]
[Black "Zhang Zhong"]
[Result "1-0"]
[WhiteElo "2544"]
[BlackElo "2649"]
[PlyCount "78"]
[EventDate "2008.10.08"]
[SourceDate "1999.07.01"]

1. e4 c5 2. Nf3 e6 3. d4 cxd4 4. Nxd4 Nf6 5. Nc3 d6 6. Be2 a6 7. O-O Nbd7 8. a4
b6 9. f4 Bb7 10. Bf3 Rc8 11. Kh1 Qc7 12. Qe1 Be7 13. Bd2 O-O 14. g4 Qc4 15. Qe3
d5 16. e5 Bc5 17. Nce2 Ne4 18. b3 Qxc2 19. Nxc2 Bxe3 20. Bxe3 Rxc2 21. Rae1
Rfc8 22. Nd4 R2c3 23. Bxe4 dxe4 24. Kg2 Nc5 25. Rc1 Rxe3 26. b4 Rd3 27. Ne2 Rd2
28. bxc5 Rxe2+ 29. Kg3 bxc5 30. Rfd1 Bd5 31. Rb1 h6 32. h4 c4 33. g5 h5 34.
Rdc1 c3 35. Rb4 c2 36. Rb2 Rd2 37. a5 e3 38. g6 fxg6 39. Kh3 e2 1-0

[Event "1st WMSG Blitz Pair"]
[Site "Beijing CHN"]
[Date "2008.10.08"]
[Round "11"]
[White "Socko, B."]
[Black "Zhang Zhong"]
[Result "0-1"]
[WhiteElo "2631"]
[BlackElo "2649"]
[PlyCount "120"]
[EventDate "2008.10.08"]
[SourceDate "1999.07.01"]

1. e4 c5 2. Nf3 e6 3. d4 cxd4 4. Nxd4 Nf6 5. Nc3 d6 6. Be3 a6 7. f3 b5 8. g4
Bb7 9. Qd2 Nfd7 10. O-O-O Nb6 11. Nb3 Nc6 12. Bg5 f6 13. Bf4 b4 14. Ne2 e5 15.
Bg3 a5 16. Kb1 a4 17. Nbc1 Be7 18. Bf2 O-O 19. Ng3 d5 20. exd5 Nd4 21. Nf5 Bxd5
22. Nxd4 exd4 23. Be2 Bf7 24. Qxd4 Nd5 25. Bc4 Ra5 26. Rhe1 Qc7 27. Nd3 Rc8 28.
Bxd5 Rxd5 29. Qe3 Qxc2+ 30. Ka1 Bc5 31. Qe2 Bxf2 32. Qxc2 Rxc2 33. Nxf2 Rxd1+
34. Rxd1 Rxf2 35. Rd8+ Be8 36. Rxe8+ Kf7 37. Re1 Rxf3 38. Kb1 Rf2 39. h3 b3 40.
axb3 axb3 41. Kc1 Rf3 42. Rh1 Kg6 43. Kd2 Kg5 44. Ke2 Kf4 45. Rh2 h6 46. Rh1
Rg3 47. Rf1+ Kg5 48. Rf5+ Kg6 49. Rh5 Rg2+ 50. Kd3 Rxb2 51. Kc3 Rb1 52. Kc4 Kf7
53. Rb5 Ke6 54. Kd4 b2 55. Rb6+ Kf7 56. Kc3 Rh1 57. Kxb2 Rxh3 58. Kc2 Rg3 59.
Rb4 Kg6 60. Kd2 Kg5 0-1

[Event "1st WMSG Rapid Pair KO"]
[Site "Beijing CHN"]
[Date "2008.10.11"]
[Round "1.2"]
[White "Ni Hua"]
[Black "Adianto, U."]
[Result "0-1"]
[WhiteElo "2710"]
[BlackElo "2554"]
[PlyCount "102"]
[EventDate "2008.10.09"]
[SourceDate "1999.07.01"]

1. e4 c5 2. Nf3 e6 3. d4 cxd4 4. Nxd4 Nf6 5. Nc3 d6 6. Be3 a6 7. Be2 Be7 8. Qd2
b5 9. a3 Bb7 10. f3 Nc6 11. g4 Nxd4 12. Qxd4 e5 13. Qd3 O-O 14. O-O-O Rc8 15.
Kb1 Qc7 16. f4 d5 17. fxe5 dxe4 18. Qd4 Nd5 19. Nxd5 Qxc2+ 20. Ka1 Bxd5 21.
Qxd5 Qxe2 22. Qxe4 Rc4 23. Qd3 Qxg4 24. Qd7 Qxd7 25. Rxd7 Re8 26. Ra7 Re4 27.
Bd2 Bc5 28. Rxa6 Bd4 29. Rc1 h5 30. Bc3 Bxe5 31. Bxe5 R8xe5 32. Rf1 f5 33. Ka2
Kf7 34. Rb6 h4 35. Rd1 f4 36. Rd7+ Kg8 37. Rg6 Re7 38. Rd8+ Kf7 39. Rg5 R4e5
40. Rg1 g5 41. Kb3 f3 42. h3 f2 43. Rf1 Rf5 44. Rd2 Re3+ 45. Kb4 Ref3 46. Ka5
Kg6 47. a4 bxa4+ 48. Kxa4 Rxh3 49. Rdxf2 Rxf2 50. Rxf2 Rh1 51. b4 Rb1 0-1

[Event "5th DA Tan Malaysian Open"]
[Site "Kuala Lumpur MAS"]
[Date "2008.08.23"]
[Round "10"]
[White "Dzhumaev, M."]
[Black "Zhang Zhong"]
[Result "0-1"]
[WhiteElo "2549"]
[BlackElo "2632"]
[PlyCount "66"]
[EventDate "2008.08.18"]
[SourceDate "1999.07.01"]

1. e4 c5 2. Nf3 e6 3. d4 cxd4 4. Nxd4 Nf6 5. Nc3 d6 6. g4 a6 7. g5 Nfd7 8. Be3
b5 9. Qe2 Bb7 10. f3 Ne5 11. O-O-O Nbd7 12. h4 Rc8 13. Nb1 Nc4 14. Nd2 Nxe3 15.
Qxe3 Qb6 16. h5 Be7 17. Rh3 Qc5 18. g6 fxg6 19. N2b3 Qe5 20. f4 Qxe4 21. Qxe4
Bxe4 22. Re1 Nf6 23. Nd2 Bf5 24. Nxf5 gxf5 25. Rxe6 Kf7 26. Re2 g6 27. h6 Rhe8
28. Ra3 Nd5 29. Rxa6 Nxf4 30. Rh2 Bf6 31. c3 Nd5 32. a3 Re1+ 33. Kc2 Ne3+ 0-1

[Event "Bundesliga 2008-9"]
[Site "Trier GER"]
[Date "2008.10.05"]
[Round "2"]
[White "Gharamian, T."]
[Black "Nisipeanu, LD."]
[Result "1/2-1/2"]
[WhiteElo "2555"]
[BlackElo "2684"]
[PlyCount "50"]
[EventDate "2008.10.03"]
[SourceDate "1999.07.01"]

1. e4 c5 2. Nf3 e6 3. d4 cxd4 4. Nxd4 Nf6 5. Nc3 d6 6. g4 e5 7. Nf5 Nc6 8. Bg5
h6 9. Bxf6 Qxf6 10. Qd2 g6 11. Ne3 h5 12. gxh5 Rxh5 13. Nb5 Qd8 14. O-O-O Rh4
15. Bc4 a6 16. Nxd6+ Qxd6 17. Qxd6 Bxd6 18. Rxd6 Ke7 19. Rd2 Rxe4 20. Nd5+ Kf8
21. Nb6 Rb8 22. Bd5 Rb4 23. Nc4 Ne7 24. Nxe5 Nxd5 25. Rxd5 Be6 1/2-1/2

[Event "II ROMGAZ Open"]
[Site "Bucharest ROU"]
[Date "2008.09.19"]
[Round "9"]
[White "Mamedov, Nid"]
[Black "Suba, M."]
[Result "1-0"]
[WhiteElo "2564"]
[BlackElo "2507"]
[PlyCount "75"]
[EventDate "2008.09.11"]
[SourceDate "1999.07.01"]

1. e4 c5 2. Nf3 d6 3. d4 Nf6 4. Nc3 cxd4 5. Nxd4 e6 6. Be3 a6 7. f3 b5 8. Qd2
Bb7 9. O-O-O Nbd7 10. g4 Nb6 11. g5 Nfd7 12. Bd3 Rc8 13. Kb1 Ne5 14. Qe1 b4 15.
Nce2 d5 16. h4 Bd6 17. Nf4 O-O 18. g6 Na4 19. gxf7+ Rxf7 20. Nfxe6 Qe8 21. Rg1
g6 22. h5 Rf6 23. hxg6 Nxg6 24. Ng5 Be5 25. Nxh7 Kxh7 26. exd5 Bxd5 27. Qh4+
Kg8 28. Bxg6 Rxg6 29. Rxg6+ Qxg6 30. Rg1 Qxg1+ 31. Bxg1 Re8 32. Qg5+ Kf8 33.
Be3 Bf7 34. Nc6 Bg7 35. Bc5+ Nxc5 36. Qxc5+ Kg8 37. Ne7+ Kh8 38. Qg5 1-0

[Event "61st ch-RUS HL"]
[Site "Novokuznetsk RUS"]
[Date "2008.09.05"]
[Round "3"]
[White "Skorchenko, D."]
[Black "Kryakvin, D."]
[Result "0-1"]
[WhiteElo "2511"]
[BlackElo "2565"]
[PlyCount "78"]
[EventDate "2008.09.03"]
[SourceDate "1999.07.01"]

1. e4 c5 2. Nf3 e6 3. d4 cxd4 4. Nxd4 Nf6 5. Nc3 d6 6. g4 h6 7. Bg2 Nc6 8. h3
a6 9. f4 Bd7 10. Be3 Qc7 11. Qe2 Be7 12. Qf2 Rc8 13. O-O-O b5 14. g5 hxg5 15.
fxg5 Nh7 16. Nxc6 Bxc6 17. a3 Qb7 18. h4 a5 19. Rhf1 O-O 20. b4 axb4 21. axb4
Bd7 22. Rd3 Rc4 23. Na2 Bc6 24. Ra3 Bxe4 25. Ra7 Bxg2 26. Rxb7 Bxb7 27. Kb2 Be4
28. c3 Bg6 29. Bd2 Rfc8 30. Nc1 Nf8 31. Rh1 Nd7 32. h5 Be4 33. Rf1 Ne5 34. h6
d5 35. Kb3 d4 36. Qh2 Bd6 37. hxg7 Rxc3+ 38. Bxc3 Rxc3+ 39. Ka2 Rc2+ 0-1

[Event "TCh-ESP Hon Gp2"]
[Site "Sabadell ESP"]
[Date "2008.09.04"]
[Round "2"]
[White "Magem Badals, J."]
[Black "Hracek, Z."]
[Result "1/2-1/2"]
[WhiteElo "2500"]
[BlackElo "2625"]
[PlyCount "61"]
[EventDate "2008.09.03"]
[SourceDate "1999.07.01"]

1. e4 c5 2. Nf3 d6 3. d4 cxd4 4. Nxd4 Nf6 5. Nc3 e6 6. g4 e5 7. Nf5 h5 8. Bg5
hxg4 9. Nd5 Bxf5 10. Bxf6 gxf6 11. exf5 Bh6 12. Bb5+ Kf8 13. Qxg4 Nc6 14. c3
Rc8 15. Rd1 a6 16. Bd3 Qa5 17. Nxf6 Qxa2 18. Bc4 Qxb2 19. Ne4 Nd4 20. f6 Rxc4
21. cxd4 Rc1 22. Rg1 Qb4+ 23. Ke2 Qc4+ 24. Ke1 Qb4+ 25. Ke2 Qc4+ 26. Ke1 Rxd1+
27. Kxd1 Qxd4+ 28. Kc2 Qc4+ 29. Kb2 Qb4+ 30. Ka2 Qa4+ 31. Kb2 1/2-1/2

[Event "XVI Open"]
[Site "Albacete ESP"]
[Date "2008.09.03"]
[Round "5"]
[White "Solodovnichenko, Y."]
[Black "Suba, M."]
[Result "1-0"]
[WhiteElo "2541"]
[BlackElo "2507"]
[PlyCount "123"]
[EventDate "2008.09.01"]
[SourceDate "1999.07.01"]

1. e4 c5 2. Nf3 d6 3. d4 Nf6 4. Nc3 cxd4 5. Nxd4 e6 6. Be3 a6 7. g4 h6 8. Bg2
Nc6 9. h3 Qc7 10. f4 Be7 11. Qe2 Nxd4 12. Bxd4 e5 13. Be3 exf4 14. Bxf4 Be6 15.
Nd5 Bxd5 16. exd5 Rc8 17. c3 O-O 18. O-O Rce8 19. Kh1 Nd7 20. Rae1 Qb8 21. Qf2
Bf6 22. Be4 Re7 23. Bb1 Rfe8 24. Rxe7 Rxe7 25. Qc2 Nf8 26. Bxh6 Qe8 27. Bc1 Bh4
28. Qd1 Ng6 29. c4 Bg3 30. Qf3 Re1 31. Bd3 Rxf1+ 32. Qxf1 Qa4 33. Bb1 Be5 34.
Qe2 Qb4 35. Bd3 Kf8 36. Qf2 Ke8 37. a3 Qb3 38. Qc2 Qxc2 39. Bxc2 Nf4 40. b4 b5
41. cxb5 axb5 42. Bxf4 Bxf4 43. Bd3 Bc1 44. Bxb5+ Kd8 45. a4 Bd2 46. a5 Bxb4
47. a6 Kc7 48. h4 f6 49. Kg2 Bc5 50. Kf3 Kd8 51. Ke4 Ke7 52. Kf5 Kf7 53. Bd7
Bd4 54. Be6+ Kf8 55. Kg6 Bg1 56. h5 Ba7 57. Bd7 Bd4 58. Ba4 Kg8 59. Be8 Kf8 60.
Bf7 Ba7 61. h6 gxh6 62. Kxf6 1-0

[Event "XVI Open"]
[Site "Albacete ESP"]
[Date "2008.09.04"]
[Round "6"]
[White "Radulski, J."]
[Black "Solodovnichenko, Y."]
[Result "0-1"]
[WhiteElo "2516"]
[BlackElo "2541"]
[PlyCount "70"]
[EventDate "2008.09.01"]
[SourceDate "1999.07.01"]

1. e4 c5 2. Nf3 d6 3. d4 Nf6 4. Nc3 cxd4 5. Nxd4 e6 6. Bd3 Nc6 7. Nb3 Be7 8.
O-O O-O 9. f4 a5 10. a3 a4 11. Nd2 d5 12. e5 Nd7 13. Qh5 f5 14. exf6 Nxf6 15.
Qe2 e5 16. fxe5 Ng4 17. Nf3 Ncxe5 18. Nxe5 Bc5+ 19. Be3 Bxe3+ 20. Kh1 Rf2 21.
Nxg4 Rxe2 22. Bxe2 Bxg4 23. Bxg4 d4 24. Be6+ Kh8 25. Nd5 Qd6 26. Bf7 Rf8 27.
Rad1 Qe5 28. Rf3 g6 29. Rdf1 Rxf7 30. Rxf7 Qxd5 31. Rc7 Kg8 32. Rc8+ Kg7 33.
Rc7+ Kh6 34. Rff7 Qa5 35. g3 Qd5+ 0-1

[Event "Mercosur Cup"]
[Site "Villa Martelli ARG"]
[Date "2008.08.02"]
[Round "5"]
[White "Bachmann, Ax"]
[Black "Valerga, D."]
[Result "1/2-1/2"]
[WhiteElo "2511"]
[BlackElo "2502"]
[PlyCount "180"]
[EventDate "2008.07.29"]
[SourceDate "1999.07.01"]

1. e4 c5 2. Nf3 e6 3. d4 cxd4 4. Nxd4 Nf6 5. Nc3 d6 6. g3 Be7 7. Bg2 O-O 8. O-O
Nc6 9. Be3 Bd7 10. Qe2 Nxd4 11. Bxd4 Bc6 12. Rfd1 Qc7 13. Nb5 Bxb5 14. Qxb5 a6
15. Qe2 Nd7 16. c4 Rac8 17. Rac1 Rfd8 18. Be3 Qa5 19. a3 h6 20. f4 b5 21. cxb5
axb5 22. Bd2 Qb6+ 23. Kh1 e5 24. Bb4 exf4 25. gxf4 Nc5 26. Qe3 Bf8 27. Qd4 Re8
28. Rc3 Na4 29. Qxb6 Nxb6 30. Rxc8 Rxc8 31. Bf1 Rc2 32. Rd2 Rc1 33. Kg2 Nc4 34.
Bxc4 bxc4 35. Kf3 g5 36. fxg5 hxg5 37. Rg2 f6 38. Bc3 Kf7 39. Ke3 Bg7 40. a4
Ke6 41. h4 Bh6 42. hxg5 Bxg5+ 43. Kd4 Ra1 44. a5 Ra4 45. Rf2 Bh4 46. Rf3 Bg5
47. Rf5 Bh4 48. Ke3 Bg5+ 49. Kf3 Kd7 50. Rb5 Kc7 51. Rb6 Bc1 52. Ke2 Bf4 53.
Bxf6 Rxa5 54. Rb4 Rc5 55. Bd4 Rc6 56. Kd1 Kd7 57. Kc2 Ke6 58. Rb5 Rc7 59. Kc3
Bg3 60. Kd2 Bf4+ 61. Kc2 Bg3 62. Rg5 Bf4 63. Rg6+ Kd7 64. Rg7+ Kc6 65. Rxc7+
Kxc7 66. Kc3 Kc6 67. Kxc4 Bg3 68. b4 Bf4 69. b5+ Kb7 70. Bf6 Be3 71. Kd5 Kc7
72. Bc3 Bf4 73. Ba5+ Kb7 74. Ke6 Kc8 75. Bb6 Bg3 76. Bd4 Kc7 77. Kd5 Bf4 78.
Bc3 Kb6 79. Kc4 Bg3 80. Bf6 Kc7 81. Be7 Be5 82. Kd5 Bf4 83. Ke6 Bg3 84. Bf8 Bf4
85. Ke7 Bg5+ 86. Ke8 Kb6 87. Kd7 Kxb5 88. Bxd6 Bh4 89. e5 Kc4 90. e6 Kd5
1/2-1/2

[Event "12th HZ Open"]
[Site "Vlissingen NED"]
[Date "2008.08.06"]
[Round "6"]
[White "Mekhitarian, K."]
[Black "Fier, A."]
[Result "1/2-1/2"]
[WhiteElo "2504"]
[BlackElo "2558"]
[PlyCount "137"]
[EventDate "2008.08.02"]
[SourceDate "1999.07.01"]

1. e4 c5 2. Nf3 e6 3. d4 cxd4 4. Nxd4 Nf6 5. Nc3 d6 6. g4 h6 7. h3 Nc6 8. Be3
a6 9. Bg2 Ne5 10. Qe2 g5 11. O-O-O Bd7 12. f4 gxf4 13. Bxf4 Rc8 14. Kb1 b5 15.
Qf2 Be7 16. Nce2 Nc4 17. Bc1 b4 18. Ng3 Qa5 19. Rhf1 Rh7 20. Qe2 Qc5 21. Rf3
Ne5 22. Rf2 Qc4 23. Qe1 a5 24. Bf1 Qc7 25. Nb5 Bxb5 26. Bxb5+ Nfd7 27. Bf4 Qc5
28. Qe2 Bg5 29. Nh5 Bxf4 30. Nf6+ Ke7 31. Nxh7 Bg3 32. Rg2 Bh4 33. g5 hxg5 34.
Nxg5 Nb6 35. Rf1 Rg8 36. Qh5 Bxg5 37. Rxg5 Qxb5 38. Qxf7+ Nxf7 39. Rxb5 Nd7 40.
Rxa5 Nfe5 41. Rb5 Nc6 42. Rh1 Nc5 43. e5 Nxe5 44. Rxb4 Rh8 45. h4 Rh5 46. a4
Nc6 47. Rg4 e5 48. a5 e4 49. c3 Ne5 50. Rg3 Kd7 51. b4 Ne6 52. Kc2 Kc6 53. Rg8
Nc7 54. Kb3 e3 55. Rg3 d5 56. Rxe3 Nc4 57. Re2 Nb5 58. Re6+ Kd7 59. Rg6 Nd2+
60. Kc2 Ne4 61. a6 Rf5 62. a7 Rf2+ 63. Kd3 Ra2 64. Rf1 Ke7 65. Rb6 Nbxc3 66.
Rg1 Kf7 67. Rf1+ Ke7 68. Rg1 Kf7 69. Rf1+ 1/2-1/2

[Event "XXX Nezhmetdinov Mem"]
[Site "Kazan RUS"]
[Date "2008.06.09"]
[Round "9"]
[White "Voitsekhovsky, S."]
[Black "Kalegin, E."]
[Result "1/2-1/2"]
[WhiteElo "2511"]
[BlackElo "2510"]
[PlyCount "33"]
[EventDate "2008.06.01"]
[SourceDate "1999.07.01"]

1. e4 c5 2. Nf3 e6 3. d4 cxd4 4. Nxd4 Nf6 5. Nc3 d6 6. Be2 Be7 7. O-O Nc6 8.
Be3 O-O 9. f4 e5 10. Nb3 exf4 11. Bxf4 Be6 12. Kh1 d5 13. e5 Nd7 14. Nxd5 Ndxe5
15. c4 Bg5 16. Nc3 Bxf4 17. Rxf4 1/2-1/2

[Event "World Open"]
[Site "Philadelphia USA"]
[Date "2008.07.06"]
[Round "8"]
[White "Friedel, J."]
[Black "Ehlvest, J."]
[Result "0-1"]
[WhiteElo "2524"]
[BlackElo "2603"]
[PlyCount "52"]
[EventDate "2008.07.02"]
[SourceDate "1999.07.01"]

1. e4 c5 2. Nf3 e6 3. d4 cxd4 4. Nxd4 Nf6 5. Nc3 d6 6. g4 h6 7. h4 Nc6 8. Rg1
h5 9. gxh5 Nxh5 10. Bg5 Nf6 11. Qd2 Qb6 12. Nb3 Bd7 13. O-O-O a6 14. Rg3 Rc8
15. Qe1 Qc7 16. Kb1 b5 17. Bh3 b4 18. Nd5 exd5 19. exd5+ Ne7 20. Rd2 Nh5 21.
Bxd7+ Qxd7 22. Re3 f6 23. Nd4 fxg5 24. hxg5 Nf4 25. Re4 Nfxd5 26. Ne6 Nc7 0-1

[Event "TCh-BIH"]
[Site "Neum BIH"]
[Date "2008.06.09"]
[Round "6"]
[White "Vuckovic, Bo"]
[Black "Movsesian, S."]
[Result "0-1"]
[WhiteElo "2556"]
[BlackElo "2695"]
[PlyCount "110"]
[EventDate "2008.06.04"]
[SourceDate "1999.07.01"]

1. e4 c5 2. Nf3 d6 3. d4 cxd4 4. Nxd4 Nf6 5. Nc3 e6 6. g4 h6 7. h3 a6 8. Be3 b5
9. Bg2 Bb7 10. a3 Nbd7 11. Nde2 Ne5 12. O-O g5 13. Ng3 Nfd7 14. Qe2 Be7 15.
Rad1 Qc7 16. Bd4 Rg8 17. Nh5 Nf6 18. Nxf6+ Bxf6 19. f4 gxf4 20. Rxf4 Bg5 21.
Bxe5 dxe5 22. Rf3 Rd8 23. Rfd3 Ke7 24. Kh1 Qc5 25. Na2 Rxd3 26. Qxd3 Qc7 27. c3
Rc8 28. Nb4 Ke8 29. Qe2 Qc4 30. Qf3 f6 31. Qd3 Qxd3 32. Nxd3 Rc4 33. Re1 Bh4
34. Re2 Rc8 35. Kg1 Rd8 36. Nf2 Kf7 37. Kf1 Bc6 38. Rc2 Bg5 39. Ke2 h5 40. gxh5
f5 41. Nd3 Kf6 42. Nc5 Bh6 43. Bf3 Rg8 44. Kf2 Bg5 45. Re2 Bh4+ 46. Kf1 Rg3 47.
Bg2 Be8 48. Rd2 Bxh5 49. Nd7+ Kg5 50. Nxe5 fxe4 51. Ng4 e3 52. Re2 Kf4 53. b3
Bg6 54. Rxe3 Rxe3 55. Nxe3 Kxe3 0-1

[Event "ch-Catalunya"]
[Site "Barcelona ESP"]
[Date "2008.05.22"]
[Round "3.2"]
[White "Fluvia Poyatos, Jor"]
[Black "Lopez Martinez, Josep"]
[Result "1-0"]
[WhiteElo "2504"]
[BlackElo "2576"]
[PlyCount "63"]
[EventDate "2008.05.17"]
[SourceDate "1999.07.01"]

1. e4 c5 2. Nf3 e6 3. d4 cxd4 4. Nxd4 Nf6 5. Nc3 d6 6. g4 a6 7. g5 Nfd7 8. Be3
b5 9. Qd2 Bb7 10. Bd3 b4 11. Nce2 d5 12. exd5 Bxd5 13. Rg1 Bd6 14. O-O-O Qa5
15. c4 Bb7 16. g6 hxg6 17. Nxe6 Be5 18. Rg5 Bf3 19. Bf4 Bxe2 20. Qxe2 Nc6 21.
Be4 Rc8 22. Rxd7 Bxf4+ 23. Nxf4 Qxg5 24. Bxc6+ Kf8 25. Qe3 Kg8 26. Bd5 Qg1+ 27.
Kc2 Rxh2 28. Rxf7 Kh8 29. Nd3 Rh5 30. Qd4 Rh7 31. Qe5 Qf1 32. Re7 1-0

[Event "IX EICC T/B WChQual"]
[Site "Plovdiv BUL"]
[Date "2008.05.03"]
[Round "1.2"]
[White "Najer, E."]
[Black "Hracek, Z."]
[Result "1-0"]
[WhiteElo "2627"]
[BlackElo "2613"]
[PlyCount "83"]
[EventDate "2008.05.03"]
[SourceDate "1999.07.01"]

1. e4 c5 2. Nf3 d6 3. d4 cxd4 4. Nxd4 Nf6 5. Nc3 e6 6. Be2 Be7 7. O-O O-O 8. f4
Nc6 9. Be3 Bd7 10. Nb3 Rc8 11. Qd2 a6 12. a4 Nb4 13. a5 Bc6 14. Bb6 Qe8 15. Nd4
d5 16. e5 Nd7 17. f5 exf5 18. Nxc6 Nxc6 19. Rxf5 Nxb6 20. axb6 g6 21. Rff1 Bc5+
22. Kh1 Qxe5 23. Nxd5 Rcd8 24. Bc4 Kg7 25. Rae1 Qxb2 26. Re4 Ne7 27. Rh4 Ng8
28. Bb3 Qe5 29. Rhf4 Bd6 30. Qf2 f5 31. Re1 Qb2 32. Rf3 Nf6 33. Nc7 Bxc7 34.
bxc7 Rd7 35. Qc5 Rc8 36. Re7+ Kh8 37. Rf1 Ne4 38. Rxd7 Nxc5 39. Rd8+ Kg7 40.
Rxc8 Ne4 41. Rg8+ Kh6 42. c8=Q 1-0

[Event "ch-CUB"]
[Site "Santa Clara CUB"]
[Date "2008.01.11"]
[Round "4"]
[White "Corrales Jimenez, F."]
[Black "Arencibia Rodriguez, W."]
[Result "1/2-1/2"]
[WhiteElo "2509"]
[BlackElo "2573"]
[PlyCount "123"]
[EventDate "2008.01.08"]
[SourceDate "1999.07.01"]

1. e4 c5 2. Nf3 e6 3. d4 cxd4 4. Nxd4 Nf6 5. Nc3 d6 6. Be3 Nc6 7. Be2 Be7 8.
O-O O-O 9. f4 a6 10. Kh1 Qc7 11. a4 Re8 12. Qd2 Bd7 13. Nb3 b6 14. g4 d5 15. e5
Ne4 16. Nxe4 dxe4 17. c3 Red8 18. Qe1 Na5 19. Nd4 Nc4 20. Bxc4 Qxc4 21. f5 Bxa4
22. f6 Bf8 23. Qh4 Bc6 24. fxg7 Bxg7 25. Rf6 Rxd4 26. cxd4 Qe2 27. Qf2 Qxf2 28.
Rxf2 h6 29. Rc2 Bd5 30. Rac1 f6 31. Rc8+ Rxc8 32. Rxc8+ Kh7 33. Bf4 Kg6 34. Kg1
fxe5 35. dxe5 e3 36. Rb8 b5 37. Rb6 h5 38. gxh5+ Kxh5 39. Rxa6 Kg4 40. Bxe3
Bxe5 41. b4 Kh3 42. Ra7 Bxh2+ 43. Kf2 Bg3+ 44. Ke2 Bc4+ 45. Kf3 Bd5+ 46. Ke2
Bc4+ 47. Kd2 Kg4 48. Rf7 Bd6 49. Kc3 Be5+ 50. Kc2 Bd6 51. Bd2 Bg3 52. Rf8 Bd6
53. Rd8 Bg3 54. Rf8 Bd6 55. Rf6 Be5 56. Rf7 Bd6 57. Bc3 Bf4 58. Rf8 Bd6 59. Rf6
Bf4 60. Bd2 Be5 61. Rf7 Bd6 62. Rf6 1/2-1/2